European training thesaurus = Thésaurus européen de la formation professionnelle
Gespeichert in:
| Körperschaft: | |
|---|---|
| Format: | Buch |
| Sprache: | Englisch Französisch |
| Veröffentlicht: |
Luxembourg :
Office for Official Publications of the European Communities,
2008
|
| Ausgabe: | [1st ed.] |
| Schlagworte: | |
| ISBN: | 9789289604710 |
| ISSN: | 1608-7089 |
| Online-Zugang: |
|
| Tags: |
Tag hinzufügen
Keine Tags, Fügen Sie den ersten Tag hinzu!
|
MARC
| LEADER | 00000nam a2200000 4500 | ||
|---|---|---|---|
| 003 | SK-BrCVT | ||
| 005 | 20220618073750.0 | ||
| 008 | 090324s2008 lu e ||||||eng d | ||
| 020 | |a 9789289604710 |z 9289604710 | ||
| 022 | |a 1608-7089 | ||
| 035 | |a CVTIDW1486932 | ||
| 040 | |b slo |a CVTI SR |e AACR2 | ||
| 041 | 0 | |a eng |a fre | |
| 044 | |a lu | ||
| 080 | |a 37:025.4 |2 UDC-MRF | ||
| 080 | |a 811.111 |2 UDC-MRF | ||
| 080 | |a 811.133.1 |2 UDC-MRF | ||
| 080 | |a 81'373.421 |2 UDC-MRF | ||
| 110 | 2 | |a Cedefop - European Centre for the Development of Vocational Training (Thessaloniki, Greece) |4 org | |
| 245 | 1 | 0 | |a European training thesaurus = |b Thésaurus européen de la formation professionnelle |
| 250 | |a [1st ed.] | ||
| 260 | |a Luxembourg : |b Office for Official Publications of the European Communities, |c 2008 | ||
| 300 | |a 469 s. | ||
| 653 | 1 | |a synonymický slovník |a odborné školstvo |a odborná výchova |a tezaurus |a francúzsky jazyk |a anglický jazyk | |
| 910 | |a BA002 |b DK02273 | ||
| 919 | |a 978-92-896-0471-0 | ||
| 959 | |a TS0430 | ||
| 974 | |f Knihy | ||
| 992 | |a APP | ||
| 999 | |c 185816 |d 185816 | ||

